000 00443nam a22001817a 4500
005 20260406125233.0
008 260406b |||||||| |||| 00| 0 eng d
020 _a9789385444074
041 _aEnglish
082 _a345.0243 JOS
100 _a Joshi, Nayan
245 _aLaw of Contempt of Courts
250 _a2nd
260 _aNew Delhi:
_b Kamal Publishers,
_c2017.
300 _a490 p
650 _aContempt of Courts
942 _cDB
999 _c9607
_d9607